000 00489nam a22001697a 4500
005 20180703111248.0
008 160614b xxu||||| |||| 00| 0 eng d
020 _a81-259-1106-9
041 _aeng
082 _b7591
_a658
100 _aSushil & k, Momaya,
_94428
245 _aGlobalization flexibility and compititiveness:a technology management perspective
260 _aNew Delhi
_bVikas Publishing House (P) Ltd.
_c2001
300 _a453
650 _aManagement
_9241
942 _cBK
999 _c2712
_d2711